VII History Geography Quiz - Statistics

General Stats
  • This quiz has been taken 11 times
  • The average score is 20 of 26
Answers on the Map
Answers color-coded by a green-red scale on the quiz's map according to % correct below.
 
Answer Stats
Answer % Correct
Arabia
90%
Delhi
90%
Egypt
90%
India
90%
Istanbul/Constantinople
90%
Persia
90%
Turkey/Asia Minor
90%
Afganistan
80%
Atlantic Ocean
80%
China
80%
Florence
80%
France
80%
Greece
80%
Mali
80%
Mecca
80%
Portugal
80%
Rome
80%
Spain
80%
Beijing
70%
Mogadishu
70%
Japan
60%
Kilwa
60%
Korea
60%
Pacific Ocean
60%
South China Sea
60%
Indian Ocean
50%
No matching quizzes found
Score Distribution
Percent of People with Each Score
Percentile by Number Answered
Your Score History
You have not taken this quiz